Longest One-Word World Capital City Names - Statistics

General Stats
  • This quiz has been taken 202 times
  • The average score is 9 of 19
Answer Stats
Letters City % Correct
10 Washington
75%
12 Antananarivo
73%
11 Ouagadougou
60%
11 Tegucigalpa
60%
10 Wellington
60%
11 Brazzaville
53%
10 Luxembourg
51%
12 Yamoussoukro
47%
10 Copenhagen
46%
10 Paramaribo
45%
10 Montevideo
42%
10 Nouakchott
39%
12 Bloemfontein
37%
10 Libreville
37%
11 Ulaanbaatar
35%
10 Georgetown
34%
10 Bratislava
32%
10 Basseterre
28%
10 Bridgetown
23%
No matching quizzes found
Score Distribution
Percent of People with Each Score
Percentile by Number Answered
Your Score History
You have not taken this quiz